| 000 | 00398 a2200121 4500 | ||
|---|---|---|---|
| 001 | ART_32735 | ||
| 005 | 20260410161841.0 | ||
| 008 | 260409a | ||
| 245 | 1 | 0 | _aReflexiones acerca del poder tributario y la coparticipación impositiva en el ámbito municipal |
| 100 | 1 | _aCaiero, Verónica | |
| 700 | 1 | _aSchurig, Harry | |
| 773 | 0 |
_tRAP _g- Año 37, Nº 443 (ago. 2015) _wREV5941 |
|
| 999 |
_c24074 _d24074 |
||